000 00909nam a2200229 a 4500
003 0
005 20250325133507.0
008 060801s19uu xx 00 eng d
050 _aPGS HD 9787.P6.I47
_b.C545 2006
100 _aCho, Hwa Jung.
245 _aThe perceived effects on the influx of imported shoes from China to locally-made shoe products /
_cHwa Jung Cho.
260 _aLas PiƱas City, Philippines :
_bSouthville International School and Colleges,
_c2006.
300 _a38 pages :
_billustrations ;
_c28 cm.
504 _aIncludes bibliographical references.
650 _aFootwear industry
_zPhilippines.
650 _aShoes
_vEconomic aspects
_zPhilippines.
650 _aImports
_vEconomic aspects
_zPhilippines.
650 _aCompetition, Unfair
_zPhilippines.
650 _aFree trade and industry
_zPhilippines.
650 _aChina
_vTrade relations
_zPhilippines.
942 _2lcc
_cPASS
999 _c97467
_d97467